| 000 | 00505nam a22001457a 4500 | ||
|---|---|---|---|
| 003 | macl | ||
| 005 | 20180113132426.0 | ||
| 008 | 180113b xxu||||| |||| 00| 0 eng d | ||
| 040 | _cmacl | ||
| 100 |
_aडॉ शर्मा डाॅ सुरेद्र सोलंकी _970043 |
||
| 245 | _aमध्यप्रदेश जिना दर्शन एवं सामान्य ज्ञान | ||
| 260 |
_aआगरा _bउपकार |
||
| 650 |
_aG.K. _970044 |
||
| 942 |
_2ddc _cHIN |
||
| 999 |
_c57266 _d57266 |
||